000 01276nam a2200289 a 4500
001 BRCA_2496
005 20190320203834.0
008 241108s1852----mx-a---###---#000-0#spa-u
041 _aspa
044 _asp
084 _a136
_b.V69
_c1852
100 1 _aCervantes Saavedra, Miguel de
_d1547-1616
_9213
245 1 0 _aEl Ingenioso Hidalgo D. Quijote de la Mancha
_cpor Miguel de Cervantes Saavedra.
260 _aMéxico
_bLa Voz de la Religión
_c1852
300 _a2 v.
_bil.
_c18 cm.
500 _aContenido : v 1. Primera parte. Retrato de Cervantes. Dedicatoria del autor. Prólogo del autor. Versos preliminares. Texto. -- v 2. Segunda parte. Dedicatoria del autor. Prólogo del autor. Texto
500 _aEdición : Obra adornada con muchas láminas
500 _aContiene un retrato de Cervantes y láminas anónimas. Semipiel; planos orlados y lomeras decoradas con adornos dorados Lúdovik Osterc
500 _aQM120b
650 1 4 _aNovela española
_yÉpoca clásica, 1500-1700
_9215
650 1 4 _aLiteratura española
_yÉpoca clásica, 1500-1700
_9216
650 1 4 _aNovela española
_ySiglo XVII
_9217
650 1 4 _aDon Quijote (Personaje ficticio)
_eNovela
_9218
740 0 _aEl Ingenioso Hidalgo Don Quijote de la Mancha
902 _aQFM
942 _2lcc
_cB
999 _c2237
_d2237